00439nam a22001457a 4500003000400000008004100004082001600045100002200061245013100083260003200214300001000246502001500256650001300271650000900284OSt260506b |||||||| |||| 00| 0 eng d a635.7bS33I aSharma, Shri Kant aInfluence of Seeding Time and Varying Levels of Nitrogen on the Growth, Yield and Quality of Coriander (Coriandrum Sativum L.) aPusa, SamastipurbRAUc1991 a116P. bMsc.d1991 aAgronomy aMsc.